[Event "Thüringenliga 2013/2014"]
[Site "?"]
[Date "2014.02.02"]
[Round "6"]
[White "Albrecht, Jürgen"]
[Black "Mehlhorn, Uwe"]
[Result "0-1"]
[WhiteElo "2099"]
[BlackElo "2089"]
[PlyCount "132"]
[EventDate "2014.??.??"]
[WhiteTeam "SSV Vimaria 91 Weimar"]
[BlackTeam "Ilmenauer SV"]

1. e4 d6 2. d4 g6 3. Nc3 Bg7 4. Nf3 Nf6 5. Be2 O-O 6. O-O e6 7. h3 h6 8. Be3
Kh7 9. Nd2 e5 10. dxe5 dxe5 11. Bc5 Re8 12. Bc4 Be6 13. Bxe6 fxe6 14. Qe2 Nfd7
15. Be3 Nc6 16. Qd1 Qe7 17. Ne2 Nc5 18. c3 Rad8 19. Qc2 Nd3 20. Rad1 Nc5 21. b4
Nd7 22. Nf3 Nb6 23. Bc5 Qf7 24. Qb3 Nd7 25. Be3 Nb6 26. a4 Rxd1 27. Rxd1 Rd8
28. Rxd8 Nxd8 29. a5 Nc8 30. Qd1 Qe8 31. Qd3 Nf7 32. Nc1 Nfd6 33. Nb3 b6 34.
Nfd2 Qb5 35. Qxb5 Nxb5 36. c4 Na3 37. c5 Bf8 38. a6 Nc2 39. b5 Na3 40. Nf3 Bg7
41. cxb6 cxb6 42. Nbd2 Nxb5 43. Nc4 Nc7 44. Ncxe5 Nxa6 45. Nc6 Nc7 46. Nxa7
Nxa7 47. Bxb6 Nab5 48. Kf1 e5 49. g3 Ne6 50. Nh4 Ng5 51. f3 Nxh3 52. Ke2 Ng5
53. Kd3 Nd6 54. Bc7 Ngf7 55. Ng2 Nb5 56. Bb6 Nfd6 57. Ne3 Kg8 58. Nd5 Kf7 59.
Be3 Ke6 60. Bf2 Bf8 61. Be3 Nf7 62. Kc4 Nbd6+ 63. Kd3 Ne8 64. f4 Bd6 65. Bf2
Nf6 66. Nxf6 Kxf6 0-1

[Event "Thüringenliga 2013/2014"]
[Site "?"]
[Date "2014.02.02"]
[Round "6"]
[White "Sukaylo, Aleksey"]
[Black "Mysliwiec, Jörg"]
[Result "1/2-1/2"]
[WhiteElo "2006"]
[BlackElo "2059"]
[PlyCount "109"]
[EventDate "2014.??.??"]
[WhiteTeam "Ilmenauer SV"]
[BlackTeam "SSV Vimaria 91 Weimar"]

1. e4 c6 2. d4 d5 3. Nc3 dxe4 4. Nxe4 Nf6 5. Nxf6+ gxf6 6. Nf3 Bg4 7. Be2 Qc7
8. Be3 e6 9. Qd2 Nd7 10. O-O-O O-O-O 11. Bf4 Bd6 12. Bxd6 Qxd6 13. Qa5 Kb8 14.
Rd3 Nb6 15. h3 Bf5 16. Ra3 Nc8 17. g3 Qd5 18. Qxd5 cxd5 19. Nh4 Be4 20. Re1 Nd6
21. f3 Bg6 22. Re3 Rc8 23. c3 b5 24. a3 Kb7 25. Bf1 Kb6 26. Nxg6 hxg6 27. f4 a5
28. Kc2 Rc7 29. Ra1 Rhc8 30. Kb3 Ne4 31. Rd1 g5 32. fxg5 fxg5 33. g4 f5 34.
gxf5 exf5 35. Rf3 f4 36. a4 bxa4+ 37. Kxa4 Rh8 38. Re1 Nd2 39. Re6+ Rc6 40.
Rxc6+ Kxc6 41. Bb5+ Kb6 42. Rf2 Ne4 43. Rf3 Rf8 44. Bd7 Nf6 45. Bb5 Ne4 46. Bd7
Nd6 47. b3 Rf6 48. b4 axb4 49. Kxb4 Rf8 50. Ba4 Ne4 51. Bc2 Rb8 52. h4 Kc6+ 53.
Ka3 Nd2 54. Rf2 Nc4+ 55. Ka4 1/2-1/2

[Event "Thüringenliga 2013/2014"]
[Site "?"]
[Date "2014.02.02"]
[Round "6"]
[White "Stiefel, Roland"]
[Black "Rempel, Patrick"]
[Result "0-1"]
[WhiteElo "1960"]
[BlackElo "2035"]
[PlyCount "74"]
[EventDate "2014.??.??"]
[WhiteTeam "SSV Vimaria 91 Weimar"]
[BlackTeam "Ilmenauer SV"]

1. d4 Nf6 2. Nf3 g6 3. Bf4 Bg7 4. e3 d6 5. h3 O-O 6. Be2 c5 7. c3 Qb6 8. Qb3
Be6 9. Qxb6 axb6 10. Na3 Nd5 11. Kd2 Nxf4 12. exf4 Nc6 13. dxc5 dxc5 14. Bc4
Rfd8+ 15. Kc1 Bf5 16. Nc2 Na5 17. Be2 Be4 18. Rd1 Rxd1+ 19. Kxd1 Nb3 20. Rb1
Rd8+ 21. Nfd4 cxd4 22. axb3 d3 23. Bxd3 Bxd3 24. Kc1 Bh6 25. g3 e5 26. f3 Be2
27. Ne1 exf4 28. g4 Rd1+ 29. Kc2 Rxb1 30. Kxb1 Bg5 31. Kc2 Bf1 32. c4 Bxh3 33.
b4 h5 34. gxh5 gxh5 35. c5 Be7 36. Nd3 Bf5 37. Kc3 Bxd3 0-1

[Event "Thüringenliga 2013/2014"]
[Site "?"]
[Date "2014.02.02"]
[Round "6"]
[White "Töpfer, Albrecht"]
[Black "Gulich, Christian"]
[Result "0-1"]
[WhiteElo "1949"]
[BlackElo "1962"]
[PlyCount "62"]
[EventDate "2014.??.??"]
[WhiteTeam "Ilmenauer SV"]
[BlackTeam "SSV Vimaria 91 Weimar"]

1. c4 f5 2. g3 Nf6 3. Bg2 g6 4. Nc3 Bg7 5. d3 d6 6. e4 e5 7. Nge2 c6 8. O-O O-O
9. d4 Na6 10. h3 exd4 11. Nxd4 fxe4 12. Bg5 Nc5 13. b4 Ne6 14. Nxe6 Bxe6 15.
Qe2 Qd7 16. Rad1 Qf7 17. Bxf6 Bxf6 18. Nxe4 Bxc4 19. Qc2 Bxf1 20. Nxd6 Qc7 21.
Bxf1 Rad8 22. Ne4 Be5 23. Nc5 Rxd1 24. Qxd1 Qe7 25. h4 Kh8 26. h5 gxh5 27. Qxh5
Bxg3 28. fxg3 Qe3+ 29. Kg2 Qf2+ 30. Kh3 Qxf1+ 31. Kh4 Qh1+ 0-1

[Event "Thüringenliga 2013/2014"]
[Site "?"]
[Date "2014.02.02"]
[Round "6"]
[White "Riedel, Finn"]
[Black "Falk, Kristoffer"]
[Result "1/2-1/2"]
[WhiteElo "1981"]
[BlackElo "1841"]
[PlyCount "68"]
[EventDate "2014.??.??"]
[WhiteTeam "SSV Vimaria 91 Weimar"]
[BlackTeam "Ilmenauer SV"]

1. e4 c5 2. Nf3 e6 3. d4 cxd4 4. Nxd4 Nc6 5. Nc3 Qc7 6. g3 a6 7. Bg2 Nf6 8. O-O
Be7 9. Nb3 O-O 10. Qe2 d6 11. Be3 Ne5 12. Nd2 Neg4 13. Bg5 h6 14. Bxf6 Nxf6 15.
Nc4 Rb8 16. e5 Ne8 17. exd6 Nxd6 18. Nxd6 Bxd6 19. Rad1 Be5 20. Rd3 b5 21. Re1
Bf6 22. Nd1 a5 23. Qd2 Rd8 24. Rxd8+ Bxd8 25. c3 Bg5 26. Qd3 Ba6 27. Ne3 Rd8
28. Qe4 Qb6 29. h4 Bxe3 30. Rxe3 Rd1+ 31. Re1 Rd2 32. Re2 Rd1+ 33. Re1 Rd2 34.
Re2 Rd1+ 1/2-1/2

[Event "Thüringenliga 2013/2014"]
[Site "?"]
[Date "2014.02.02"]
[Round "6"]
[White "Leuner, Klaus"]
[Black "Rensch, Toralf"]
[Result "0-1"]
[WhiteElo "1875"]
[BlackElo "1990"]
[PlyCount "88"]
[EventDate "2014.??.??"]
[WhiteTeam "Ilmenauer SV"]
[BlackTeam "SSV Vimaria 91 Weimar"]

1. c4 e5 2. g3 Nf6 3. Bg2 Nc6 4. Nc3 Bc5 5. d3 h6 6. Nf3 d6 7. O-O O-O 8. a3 a6
9. b4 Ba7 10. Bb2 Bg4 11. h3 Bf5 12. e4 Be6 13. Nd5 Nh7 14. Rc1 Rc8 15. Qd2 Ng5
16. Nxg5 hxg5 17. Kh2 Nd4 18. Qd1 c6 19. Ne3 g6 20. Nc2 Kg7 21. Nxd4 Bxd4 22.
Bxd4 exd4 23. Qd2 Rh8 24. f4 gxf4 25. Qxf4 g5 26. Qf2 c5 27. g4 Qe7 28. Qg3 Rh6
29. Rb1 Qd7 30. Kg1 Rc7 31. bxc5 dxc5 32. Rb6 Rc6 33. Rfb1 Rxb6 34. Rxb6 Qa4
35. Rxb7 Qxa3 36. Rb8 Qc1+ 37. Bf1 Rf6 38. Qg2 Qe3+ 39. Kh1 Qc1 40. Kg1 Qe3+
41. Kh1 Rf2 42. Qg1 Rd2 43. Rb1 Qf3+ 44. Bg2 Qxd3 0-1

[Event "Thüringenliga 2013/2014"]
[Site "?"]
[Date "2014.02.02"]
[Round "6"]
[White "Gräf, Michael"]
[Black "Schenk, Stefan"]
[Result "1/2-1/2"]
[WhiteElo "1851"]
[BlackElo "1921"]
[PlyCount "55"]
[EventDate "2014.??.??"]
[WhiteTeam "SSV Vimaria 91 Weimar"]
[BlackTeam "Ilmenauer SV"]

1. d4 Nf6 2. Nf3 g6 3. Bg5 Bg7 4. Nbd2 O-O 5. e4 d6 6. h3 c5 7. c3 cxd4 8. cxd4
Qa5 9. Bxf6 Bxf6 10. a3 Nc6 11. b4 Qd8 12. Nb3 a6 13. Be2 b5 14. Rc1 Bb7 15.
O-O Qb6 16. Qd3 Rac8 17. Rc2 e5 18. d5 Ne7 19. Rfc1 Rxc2 20. Rxc2 Rc8 21. Rxc8+
Bxc8 22. Qc3 Bd7 23. Bd3 Bg7 24. Qc2 h6 25. Nh4 Kh7 26. g4 Qd8 27. Ng2 Qc8 28.
Ne3 1/2-1/2

[Event "Thüringenliga 2013/2014"]
[Site "?"]
[Date "2014.02.02"]
[Round "6"]
[White "Kottwitz, Daniel"]
[Black "Neidig, Stefan"]
[Result "1/2-1/2"]
[WhiteElo "1913"]
[BlackElo "2169"]
[PlyCount "31"]
[EventDate "2014.??.??"]
[WhiteTeam "Schachzirkel Elstertal Langenberg"]
[BlackTeam "TSG Apolda"]

1. d4 f5 2. Nf3 Nf6 3. g3 e6 4. Bg2 Be7 5. O-O O-O 6. c4 d6 7. Nc3 Qe8 8. Re1
Qg6 9. e4 Nxe4 10. Nxe4 fxe4 11. Rxe4 Nc6 12. Qe2 Bf6 13. Bd2 e5 14. dxe5 Nxe5
15. Nxe5 Bxe5 16. Bc3 1/2-1/2

[Event "Thüringenliga 2013/2014"]
[Site "?"]
[Date "2014.02.02"]
[Round "6"]
[White "Goemann, Jens"]
[Black "Watzke, Birger"]
[Result "1/2-1/2"]
[WhiteElo "2078"]
[BlackElo "2146"]
[PlyCount "30"]
[EventDate "2014.??.??"]
[WhiteTeam "TSG Apolda"]
[BlackTeam "Schachzirkel Elstertal Langenberg"]

1. c4 e5 2. g3 Nc6 3. Bg2 f5 4. Nc3 Nf6 5. Nf3 e4 6. Ng5 g6 7. O-O Bg7 8. d3 h6
9. Nh3 exd3 10. Qxd3 O-O 11. Nf4 Kh7 12. Nfd5 Ne5 13. Qc2 c6 14. Nxf6+ Qxf6 15.
c5 d5 1/2-1/2

[Event "Thüringenliga 2013/2014"]
[Site "?"]
[Date "2014.02.02"]
[Round "6"]
[White "Frommelt, Hans-Jürgen"]
[Black "Maiwald, Harald"]
[Result "1-0"]
[WhiteElo "1951"]
[BlackElo "2008"]
[PlyCount "73"]
[EventDate "2014.??.??"]
[WhiteTeam "Schachzirkel Elstertal Langenberg"]
[BlackTeam "TSG Apolda"]

1. c4 Nf6 2. Nc3 c5 3. Nf3 d5 4. cxd5 Nxd5 5. e3 Nc6 6. a3 g6 7. Bb5 Bg7 8. Qa4
O-O 9. Bxc6 Nb6 10. Qb5 bxc6 11. Qxc5 Ba6 12. d4 e5 13. Nxe5 Re8 14. f4 Bxe5
15. dxe5 Qd3 16. Qd4 Qc2 17. Qd2 Qb3 18. Qd1 Qe6 19. Kf2 Rad8 20. Qf3 f6 21.
exf6 Qxf6 22. Re1 Nc4 23. Kg1 Na5 24. Ne4 Qe7 25. Nd2 c5 26. e4 Rd3 27. Qf2 Nc6
28. e5 Nd4 29. Ne4 Rf8 30. Nf6+ Kg7 31. Be3 Rb8 32. Rad1 Rdb3 33. Rd2 R8b6 34.
Bxd4 cxd4 35. Nd5 Qe6 36. Nxb6 Rxb6 37. Qxd4 1-0

[Event "Thüringenliga 2013/2014"]
[Site "?"]
[Date "2014.02.02"]
[Round "6"]
[White "Rohmeiß, Roberto"]
[Black "Streit, Michael"]
[Result "1-0"]
[WhiteElo "2023"]
[BlackElo "1911"]
[PlyCount "93"]
[EventDate "2014.??.??"]
[WhiteTeam "TSG Apolda"]
[BlackTeam "Schachzirkel Elstertal Langenberg"]

1. d4 Nf6 2. c4 e6 3. Nc3 Bb4 4. Qc2 h6 5. Nf3 O-O 6. e3 d5 7. a3 Bxc3+ 8. bxc3
Ne4 9. Bd3 f5 10. O-O b6 11. cxd5 exd5 12. c4 Ba6 13. Ne5 c6 14. f3 Nd6 15.
cxd5 cxd5 16. Bxa6 Nxa6 17. Qc6 Nc7 18. Bd2 Rf6 19. Qc2 Rc8 20. Rac1 a6 21. Nc6
Qd7 22. Ne5 Qd8 23. Qb3 b5 24. Rc5 Nc4 25. Nxc4 dxc4 26. Qc2 Qd7 27. a4 Ne6 28.
Rxc8+ Qxc8 29. axb5 axb5 30. Rb1 Qa6 31. Qb2 Nc7 32. Ra1 Qb7 33. Rc1 Rc6 34.
Qb1 g6 35. e4 Qa7 36. Be3 fxe4 37. fxe4 Ra6 38. Qb4 Re6 39. Rf1 Re8 40. Qd6 Ne6
41. Qc6 Qe7 42. Qxb5 Nxd4 43. Bxd4 Qxe4 44. Qxc4+ Qe6 45. Qc7 Re7 46. Qf4 Rf7
47. Qb8+ 1-0

[Event "Thüringenliga 2013/2014"]
[Site "?"]
[Date "2014.02.02"]
[Round "6"]
[White "Streit, Jürgen"]
[Black "Steiger, Jürgen"]
[Result "1/2-1/2"]
[WhiteElo "1731"]
[BlackElo "1974"]
[PlyCount "108"]
[EventDate "2014.??.??"]
[WhiteTeam "Schachzirkel Elstertal Langenberg"]
[BlackTeam "TSG Apolda"]

1. e4 e5 2. Nf3 d6 3. Bc4 c5 4. d4 cxd4 5. c3 Nc6 6. Qb3 Qc7 7. Na3 a6 8. cxd4
Na5 9. Qd3 Nf6 10. Bd2 Nxc4 11. Nxc4 b5 12. Na5 Bb7 13. d5 Be7 14. Rc1 Qd7 15.
Nxb7 Qxb7 16. Ba5 Rc8 17. Rxc8+ Qxc8 18. Kd2 Qc5 19. Qe3 Qxe3+ 20. Kxe3 Kd7 21.
Rc1 Rc8 22. Rxc8 Kxc8 23. h3 Kd7 24. Ne1 Bd8 25. Bxd8 Kxd8 26. Nc2 Ne8 27. Nb4
Nc7 28. Kd3 g6 29. Kc3 f5 30. f3 fxe4 31. fxe4 Kc8 32. Nc6 Ne8 33. Kb4 Nf6 34.
Ka5 Kb7 35. Nb4 Nxe4 36. Nxa6 Nf6 37. Nb4 Nh5 38. Kxb5 Nf4 39. a4 e4 40. g3
Nxh3 41. Kc4 Ng1 42. Nc2 Ne2 43. g4 h5 44. gxh5 gxh5 45. Ne3 h4 46. Nf5 h3 47.
Nxd6+ Kc7 48. Nxe4 h2 49. Nf2 Nf4 50. b4 Kd6 51. Ne4+ Ke5 52. Nf2 Kd6 53. b5
Nxd5 54. a5 Ne3+ 1/2-1/2

[Event "Thüringenliga 2013/2014"]
[Site "?"]
[Date "2014.02.02"]
[Round "6"]
[White "Schmidt, Matthias"]
[Black "Schaudin, Andreas"]
[Result "1-0"]
[WhiteElo "1957"]
[BlackElo "1650"]
[PlyCount "103"]
[EventDate "2014.??.??"]
[WhiteTeam "TSG Apolda"]
[BlackTeam "Schachzirkel Elstertal Langenberg"]

1. e4 c6 2. d4 d5 3. Nc3 dxe4 4. Nxe4 Nf6 5. Ng3 g6 6. Nf3 Bg4 7. Be2 Bg7 8.
O-O O-O 9. h3 Bxf3 10. Bxf3 Nbd7 11. c3 e6 12. Bf4 h6 13. Qb3 Qb6 14. Qc2 Rac8
15. Rad1 Nd5 16. Bc1 N7f6 17. c4 Ne7 18. Be3 Qc7 19. Rd3 Rfe8 20. Rfd1 Nf5 21.
Nxf5 exf5 22. Qd2 g5 23. d5 Ne4 24. Qb4 cxd5 25. Rxd5 f4 26. Bxa7 Qxc4 27. Qxc4
Rxc4 28. b3 Rcc8 29. Rd7 Nc3 30. Bxb7 Nxd1 31. Bxc8 Re1+ 32. Kh2 Nc3 33. Ba6
Be5 34. Bc4 f3+ 35. g3 h5 36. Rxf7 Kh8 37. Rxf3 h4 38. Kg2 hxg3 39. fxg3 g4 40.
Re3 gxh3+ 41. Kxh3 Rxe3 42. Bxe3 Nxa2 43. Bd2 Nc3 44. Kg4 Kg7 45. Kf5 Bd4 46.
Bf4 Nd1 47. Be5+ Bxe5 48. Kxe5 Ne3 49. Bd3 Kh6 50. b4 Ng4+ 51. Kd6 Nf2 52. Bf5
1-0

[Event "Thüringenliga 2013/2014"]
[Site "?"]
[Date "2014.02.02"]
[Round "6"]
[White "Janisch, Manfred"]
[Black "Römer, Norbert"]
[Result "1-0"]
[WhiteElo "1741"]
[BlackElo "1862"]
[PlyCount "63"]
[EventDate "2014.??.??"]
[WhiteTeam "Schachzirkel Elstertal Langenberg"]
[BlackTeam "TSG Apolda"]

1. c4 g6 2. d4 Bg7 3. Nc3 c5 4. d5 d6 5. Qc2 Nf6 6. e4 O-O 7. Be2 Bg4 8. Bd3
Na6 9. a3 e5 10. Nge2 Nh5 11. Bd2 Rb8 12. Rb1 Bxe2 13. Nxe2 Qd7 14. b4 b6 15.
O-O Rbe8 16. Ng3 Nxg3 17. fxg3 Rc8 18. Rf3 cxb4 19. axb4 b5 20. Qa2 bxc4 21.
Bxc4 Nb8 22. b5 f5 23. Ra3 Rc7 24. Be3 Rfc8 25. Rxa7 f4 26. b6 Rb7 27. Bb5 Qf7
28. Bf2 fxg3 29. hxg3 Rf8 30. Rf1 Qe7 31. Bc6 Nxc6 32. dxc6+ 1-0

[Event "Thüringenliga 2013/2014"]
[Site "?"]
[Date "2014.02.02"]
[Round "6"]
[White "Carnot, Luca"]
[Black "Gölles, Michael"]
[Result "1-0"]
[WhiteElo "1622"]
[BlackElo "1541"]
[PlyCount "93"]
[EventDate "2014.??.??"]
[WhiteTeam "TSG Apolda"]
[BlackTeam "Schachzirkel Elstertal Langenberg"]

1. Nf3 Nf6 2. g3 d5 3. Bg2 e6 4. O-O c5 5. c4 d4 6. Ne5 Bd6 7. Qa4+ Nbd7 8. Nc6
bxc6 9. Qxc6 Rb8 10. Qxd6 e5 11. Bc6 Rb6 12. Qxe5+ Qe7 13. Qxe7+ Kxe7 14. Bg2
Ne5 15. b3 Bg4 16. Ba3 Kd6 17. f3 Bh5 18. g4 Bg6 19. h3 h6 20. f4 Nc6 21. f5
Bh7 22. e4 Ne5 23. Kf2 Re8 24. Ke2 Nfd7 25. d3 f6 26. Bc1 Nf7 27. Na3 a6 28.
Nc2 a5 29. Rb1 Nfe5 30. Na3 Rd8 31. Nb5+ Kc6 32. Bd2 Ra6 33. a3 Bg8 34. Rfc1
Nb6 35. Bf4 Bf7 36. Rc2 a4 37. b4 Nexc4 38. Nxd4+ Rxd4 39. b5+ Kb7 40. bxa6+
Kxa6 41. dxc4 Bxc4+ 42. Ke3 Rd3+ 43. Kf2 Rxa3 44. Rxb6+ Kxb6 45. Rxc4 Ra2+ 46.
Kf3 a3 47. Be3 1-0

[Event "Thüringenliga 2013/2014"]
[Site "?"]
[Date "2014.03.02"]
[Round "7"]
[White "Casper, Thomas"]
[Black "Pähtz, Thomas"]
[Result "1/2-1/2"]
[WhiteElo "2346"]
[BlackElo "2277"]
[PlyCount "20"]
[EventDate "2014.??.??"]

1. e4 e5 2. Bc4 Nf6 3. d3 Nc6 4. Nc3 Na5 5. Nge2 Nxc4 6. dxc4 Bc5 7. O-O d6 8.
Qd3 Be6 9. b3 O-O 10. Be3 Nd7 1/2-1/2

[Event "Thüringenliga 2013/2014"]
[Site "?"]
[Date "2014.03.02"]
[Round "7"]
[White "Zehnter, Sebastian"]
[Black "Heinzel, Olaf"]
[Result "1/2-1/2"]
[WhiteElo "2199"]
[BlackElo "2351"]
[PlyCount "135"]
[EventDate "2014.??.??"]

1. b3 d5 2. Bb2 Nf6 3. e3 Bf5 4. f4 e6 5. Nf3 h6 6. g3 Nbd7 7. Bg2 Bd6 8. O-O
c6 9. d3 Qe7 10. Qe1 g5 11. Ne5 gxf4 12. exf4 Rg8 13. Kh1 h5 14. h3 O-O-O 15.
Nd2 Bc7 16. Nef3 Qf8 17. Nh4 Qg7 18. Rf3 Bh7 19. Qf1 Qh6 20. Qf2 Bb6 21. Qf1
Ne8 22. Qe1 Nd6 23. b4 Rde8 24. c4 Bd8 25. c5 Nf5 26. Nxf5 exf5 27. Qf1 h4 28.
gxh4 Bg6 29. d4 Bh5 30. b5 Bxf3 31. Nxf3 Nb8 32. Ne5 Bc7 33. bxc6 bxc6 34. Qd3
Qxf4 35. Rf1 Qg3 36. Qxf5+ Kb7 37. Qf2 Qxf2 38. Rxf2 Bxe5 39. dxe5 Re7 40. h5
Nd7 41. h6 Nxe5 42. Bxe5 Rxe5 43. Rxf7+ Ka6 44. Bf1+ Ka5 45. h7 Rh8 46. a3 Ka4
47. Rxa7+ Kb3 48. Bd3 Kc3 49. Bg6 Rg5 50. Rg7 Rxh7 51. Rxh7 Rxg6 52. Rd7 d4 53.
Rd6 Rg5 54. Rxc6 d3 55. Rd6 Rxc5 56. Kg2 d2 57. Kf3 Kc2 58. Kg4 d1=Q+ 59. Rxd1
Kxd1 60. h4 Ke2 61. h5 Ke3 62. h6 Ke4 63. h7 Rc1 64. Kg5 Rh1 65. Kg6 Ke5 66.
Kg7 Rg1+ 67. Kf7 Rf1+ 68. Kg7 1/2-1/2

[Event "Thüringenliga 2013/2014"]
[Site "?"]
[Date "2014.03.02"]
[Round "7"]
[White "Brüggemann, Joachim"]
[Black "Mehlhorn, Uwe"]
[Result "1-0"]
[WhiteElo "2238"]
[BlackElo "2089"]
[PlyCount "83"]
[EventDate "2014.??.??"]

1. e4 d6 2. d4 g6 3. Nc3 Bg7 4. Be3 a6 5. a4 b6 6. Nf3 Bb7 7. Be2 Nf6 8. Nd2 e5
9. d5 O-O 10. g4 Ne8 11. h4 Nd7 12. Nc4 c6 13. dxc6 Bxc6 14. Nxd6 Nc5 15. Bxc5
bxc5 16. Nxe8 Rxe8 17. Qxd8 Rexd8 18. Rd1 Rd4 19. Rh3 Bf6 20. Rxd4 exd4 21. Nd5
Bd8 22. b3 Kg7 23. Bc4 Ba5+ 24. Ke2 Re8 25. Kd3 Bd7 26. Rg3 Be1 27. Rg2 a5 28.
Bb5 Rd8 29. Bxd7 Rxd7 30. Kc4 Rd8 31. e5 Re8 32. f4 Bxh4 33. g5 h6 34. gxh6+
Kxh6 35. Kxc5 g5 36. fxg5+ Bxg5 37. Kxd4 Kg6 38. c4 Rb8 39. c5 Kf5 40. c6 Bd8
41. Rf2+ Kg6 42. c7 1-0

[Event "Thüringenliga 2013/2014"]
[Site "?"]
[Date "2014.03.02"]
[Round "7"]
[White "Sukaylo, Aleksey"]
[Black "Steinacker, Alex"]
[Result "0-1"]
[WhiteElo "2006"]
[BlackElo "2126"]
[PlyCount "132"]
[EventDate "2014.??.??"]

1. e4 c5 2. Nf3 Qa5 3. Nc3 g6 4. Bc4 Bg7 5. O-O Nc6 6. d3 d6 7. Ng5 Nh6 8. f4
O-O 9. Nd5 e6 10. Ne3 b5 11. Bb3 Nd4 12. Bd2 Qb6 13. c3 Nxb3 14. axb3 f6 15.
Nh3 Kh8 16. Kh1 f5 17. Qf3 Nf7 18. Nf2 Bb7 19. Qh3 Rae8 20. Rae1 Bc6 21. Nc2
Qb7 22. b4 cxb4 23. Nxb4 Bd7 24. exf5 gxf5 25. d4 a5 26. Nc2 Bf6 27. Nd3 Rg8
28. Re2 Rg6 29. Be1 Bc6 30. Rg1 Reg8 31. Bd2 Bf3 32. Rf2 Be4 33. Nde1 Rh6 34.
Qe3 Bh4 35. Rf3 Bxf3 36. Qxf3 Bg3 37. h3 Qe7 38. Ne3 Qh4 39. Nd3 Rhg6 40. Nf1
Qh6 41. Be1 Bxe1 42. Nxe1 Qh4 43. Nd3 Nh6 44. Qf2 Qh5 45. Qe3 Ng4 46. Qf3 Qh4
47. Nd2 Nf6 48. Qe2 Qh6 49. Kh2 Qh5 50. Qxh5 Nxh5 51. Nf3 h6 52. Nfe1 Ng3 53.
Nf3 Ne2 54. Nh4 Nxg1 55. Nxg6+ Rxg6 56. Kxg1 Kg7 57. Kf2 Kf6 58. Kf3 Rg8 59. g4
a4 60. Nb4 a3 61. bxa3 Rc8 62. Na2 Ra8 63. Nc1 Rxa3 64. Ne2 b4 65. Ke3 bxc3 66.
Kd3 c2+ 0-1

[Event "Thüringenliga 2013/2014"]
[Site "?"]
[Date "2014.03.02"]
[Round "7"]
[White "Burkhardt, Kai"]
[Black "Rempel, Patrick"]
[Result "0-1"]
[WhiteElo "1771"]
[BlackElo "2035"]
[PlyCount "89"]
[EventDate "2014.??.??"]

1. Nf3 Nf6 2. c4 g6 3. Nc3 Bg7 4. d4 d6 5. h3 O-O 6. e4 Na6 7. Bg5 c5 8. d5 Nc7
9. Bd3 a6 10. a4 Rb8 11. a5 b5 12. axb6 Rxb6 13. Qd2 Kh8 14. O-O Ng8 15. Rfe1
h6 16. Bh4 g5 17. Bg3 e5 18. Nh2 Ne7 19. h4 Ng6 20. hxg5 hxg5 21. Qe2 Bf6 22.
Nd1 Kg7 23. Ne3 Rh8 24. Rab1 Nf4 25. Bxf4 exf4 26. Nf5+ Bxf5 27. exf5 Qb8 28.
Ng4 Re8 29. Qf3 Rb3 30. Nxf6 Kxf6 31. Rxe8 Qxe8 32. Qd1 Rb8 33. Qd2 Qe5 34. Qa5
Rb7 35. Qa4 Qd4 36. Qc2 g4 37. b3 Ne8 38. Re1 Ng7 39. Re4 Qa1+ 40. Kh2 Rb8 41.
Qb1 g3+ 42. fxg3 fxg3+ 43. Kxg3 Qxb1 44. Bxb1 Rxb3+ 45. Kf4 0-1

[Event "Thüringenliga 2013/2014"]
[Site "?"]
[Date "2014.03.02"]
[Round "7"]
[White "Töpfer, Albrecht"]
[Black "Schneider, Thomas"]
[Result "0-1"]
[WhiteElo "1949"]
[BlackElo "1864"]
[PlyCount "76"]
[EventDate "2014.??.??"]

1. c4 c6 2. Nf3 Nf6 3. g3 d5 4. Bg2 Bf5 5. b3 e6 6. Bb2 Bd6 7. O-O O-O 8. d4 a5
9. Nbd2 h6 10. Ne5 Na6 11. Rc1 Qe7 12. Ndf3 Ba3 13. Bxa3 Qxa3 14. Nd3 dxc4 15.
Rxc4 Bxd3 16. Ra4 Bxe2 17. Qxe2 Qd6 18. Rxa5 Nb4 19. Rxa8 Rxa8 20. a4 Nfd5 21.
Ne5 Nf6 22. Rd1 Nbd5 23. Qb2 Rd8 24. Nd3 Ne7 25. Nc5 Qb8 26. Bf3 Nf5 27. b4 Qa7
28. b5 b6 29. Na6 cxb5 30. axb5 Qd7 31. d5 Nxd5 32. Qe5 Nfe7 33. Be2 Rc8 34.
Bd3 Kf8 35. h4 Nc3 36. Rd2 Ned5 37. f4 Nxb5 38. Nb8 Qc7 0-1

[Event "Thüringenliga 2013/2014"]
[Site "?"]
[Date "2014.03.02"]
[Round "7"]
[White "Kosev, Momchil"]
[Black "Falk, Kristoffer"]
[Result "1/2-1/2"]
[WhiteElo "1430"]
[BlackElo "1841"]
[PlyCount "31"]
[EventDate "2014.??.??"]

1. c4 e5 2. Nc3 f5 3. g3 Nf6 4. Bg2 g6 5. e3 Bg7 6. Nge2 O-O 7. O-O c6 8. d4 d6
9. b3 e4 10. f3 exf3 11. Bxf3 Re8 12. Qd3 Qe7 13. Bg2 Na6 14. a3 Nc7 15. Bd2
Bd7 16. Rae1 1/2-1/2

[Event "Thüringenliga 2013/2014"]
[Site "?"]
[Date "2014.03.02"]
[Round "7"]
[White "Neidig, Stefan"]
[Black "Recknagel, Michael"]
[Result "1-0"]
[WhiteElo "2169"]
[BlackElo "2180"]
[PlyCount "63"]
[EventDate "2014.??.??"]

1. Nf3 c6 2. g3 d5 3. Bg2 Nf6 4. O-O e6 5. d3 Bc5 6. Nbd2 Qb6 7. c3 Nbd7 8. e4
dxe4 9. Nxe4 Be7 10. Qe2 O-O 11. Bf4 Nd5 12. Bd6 Bxd6 13. Nxd6 Qc7 14. Nxc8
Raxc8 15. d4 b5 16. Rfd1 N7b6 17. Ne5 Rb8 18. Rd2 Rfd8 19. Re1 Qd6 20. Be4 Nd7
21. Bxh7+ Kf8 22. Qh5 Nxe5 23. dxe5 Qc5 24. Bb1 g6 25. Qh7 Ke8 26. Red1 b4 27.
Qh8+ Kd7 28. Qg7 bxc3 29. bxc3 Ke8 30. Rd4 Qxc3 31. Bxg6 Qf3 32. R4d3 1-0

[Event "Thüringenliga 2013/2014"]
[Site "?"]
[Date "2014.03.02"]
[Round "7"]
[White "Maiwald, Harald"]
[Black "Berghof, Axel"]
[Result "0-1"]
[WhiteElo "2008"]
[BlackElo "2015"]
[PlyCount "79"]
[EventDate "2014.??.??"]

1. Nf3 d5 2. c4 e6 3. g3 c6 4. Bg2 Bd6 5. b3 f5 6. Bb2 Nf6 7. O-O O-O 8. d3
Nbd7 9. Nbd2 e5 10. cxd5 cxd5 11. e4 b5 12. exf5 Re8 13. Re1 Bb7 14. h3 Qb6 15.
a4 bxa4 16. Rxa4 Nc5 17. Bxe5 Bxe5 18. Nxe5 Nxa4 19. bxa4 Re7 20. g4 Rae8 21.
Ndf3 d4 22. Nc4 Bxf3 23. Rxe7 Bxd1 24. Bd5+ Kh8 25. Rxe8+ Nxe8 26. Nxb6 axb6
27. Bc6 Nc7 28. Kf1 Na6 29. Ke1 Bb3 30. h4 Nc5 31. Kd2 Bxa4 32. Bxa4 Nxa4 33.
Kc2 Nc5 34. g5 g6 35. f6 Kg8 36. f4 Kf7 37. f5 b5 38. h5 gxh5 39. g6+ hxg6 40.
fxg6+ 0-1

[Event "Thüringenliga 2013/2014"]
[Site "?"]
[Date "2014.03.02"]
[Round "7"]
[White "Feld-Gerdes, Wolfgang"]
[Black "Rohmeiß, Roberto"]
[Result "1/2-1/2"]
[WhiteElo "1997"]
[BlackElo "2023"]
[PlyCount "62"]
[EventDate "2014.??.??"]

1. e4 d6 2. d4 Nf6 3. Nc3 g6 4. h3 Bg7 5. Nf3 c6 6. a4 O-O 7. Be3 Qc7 8. Be2
Nbd7 9. Nd2 a6 10. a5 b5 11. axb6 Nxb6 12. O-O Bb7 13. Bd3 Nfd7 14. Qe2 c5 15.
d5 Qc8 16. f4 e6 17. dxe6 fxe6 18. Nc4 d5 19. exd5 exd5 20. Nd6 Qc7 21. Nxb7
Qxb7 22. Bxa6 Rxa6 23. Qxa6 Qxa6 24. Rxa6 d4 25. Bd2 dxc3 26. Bxc3 Bxc3 27.
bxc3 Nd5 28. Rd6 N7f6 29. Rf3 c4 30. Rc6 Ne4 31. Kh2 Nd2 1/2-1/2

[Event "Thüringenliga 2013/2014"]
[Site "?"]
[Date "2014.03.02"]
[Round "7"]
[White "Steiger, Jürgen"]
[Black "Koch, Stefan"]
[Result "1/2-1/2"]
[WhiteElo "1974"]
[BlackElo "1862"]
[PlyCount "49"]
[EventDate "2014.??.??"]

1. e4 d5 2. exd5 Qxd5 3. Nf3 Bg4 4. Be2 Nf6 5. d4 c6 6. O-O e6 7. c4 Qd8 8. Nc3
Be7 9. Be3 O-O 10. Ne5 Bxe2 11. Qxe2 Nbd7 12. Rfd1 Qc7 13. Bf4 Qb6 14. Nxd7
Nxd7 15. d5 cxd5 16. cxd5 Nf6 17. dxe6 Qxe6 18. Qxe6 fxe6 19. Re1 Kf7 20. Re2
Rfe8 21. a3 Bc5 22. Nb5 Nd5 23. Bd6 a6 24. Bxc5 axb5 25. Bd6 1/2-1/2

[Event "Thüringenliga 2013/2014"]
[Site "?"]
[Date "2014.03.02"]
[Round "7"]
[White "Will, Ralph"]
[Black "Schmidt, Matthias"]
[Result "1-0"]
[WhiteElo "1757"]
[BlackElo "1957"]
[PlyCount "65"]
[EventDate "2014.??.??"]

1. d4 Nf6 2. c4 g6 3. Nf3 Bg7 4. g3 d5 5. Bg2 O-O 6. Nc3 c6 7. O-O Ne4 8. cxd5
cxd5 9. Bf4 Nc6 10. Rc1 Qa5 11. a3 Nxc3 12. Rxc3 Bg4 13. Ne5 Nxe5 14. Bxe5 Rac8
15. Bxg7 Kxg7 16. h3 Rxc3 17. bxc3 Be6 18. Qb3 b6 19. h4 Rc8 20. Rc1 Rc4 21. e3
Bd7 22. Bf1 Ba4 23. Qb2 Rc7 24. Bd3 b5 25. e4 dxe4 26. Bxe4 Qb6 27. Bd3 Qe6 28.
Bxb5 Bxb5 29. Qxb5 Rxc3 30. Rxc3 Qe1+ 31. Kg2 Qxc3 32. Qe5+ Kf8 33. Qh8# 1-0